00759nam a2200229Ia 4500003000900000008004100009040001300050040001300063041000800076100002400084245002900108250001100137260001300148260000900161300000800170490000600178600010100184700001800285942000700303999001700310952020200327IT-RoPAU120407s9999 xx 000 0 und d aIT-RoPAU cIT-RoPAU aita aTeodorico Ballarini aIntroduzione alla Bibbia aTorino aMarietti c1959 c cm v1 a"1. Introduzione generale 2,1 Penateuco. Giosué, Giudici,Rut, 1-2 Samuele, 1-2 re 4 I Vangeli" aLuigi Moraldi cBK c23297d23297 00102ddc406220_200000000000000_2571aPAULUSbPAULUSd2012-04-11l0o220.2.25r2012-04-11 00:00:00w2012-04-11yBKzInserito da: Carla In data: 24 ottobre 2011 fondo: Via A.Severo 56 Progr:15675